Statystyki dla Przetłumacz na angielski Poziom C2 v2

Kliknij tutaj aby rozwiązać quiz!

Ogólne statystyki

  • Ten quiz został rozwiązany 411 razy
  • Średni wynik to 4 z 20

Statystyki odpowiedzi

HintOdpowiedź% Poprawnych
gardłothroat
72%
komercyjnycommercial
57%
krzemieńflint
33%
hazardgambling
31%
piesipedestrians
26%
odwodnionydehydrated
24%
przepływflow
21%
powszechniecommonly
15%
łąkameadow
14%
sztućcecutlery
13%
gaśnicafire extinguisher
13%
poruczniklieutenant
12%
obozowiskocampsite
8%
zawijaniewrapping
8%
kosblackbird
7%
sąd najwyższysupreme court
6%
piruetpirouette
3%
zniewagainsult
2%
rekonkwistareconquest
2%
śpiulkolotsleeper plane
1%

Rozkład punktacji

Percentyl według liczby udzielonych odpowiedzi

Procent ludzi z każdym wynikiem

Twoja historia wyników

Nie rozwiązałeś tego quizu